| 000 | 00343nam a22001337a 4500 | ||
|---|---|---|---|
| 008 | 260601b |||||||| |||| 00| 0 eng d | ||
| 020 | _a9789381275450 | ||
| 082 | _a001927 | ||
| 100 | _aNagarajjayya and Nagaraja Rao | ||
| 245 | _aCharuvasathiyam | ||
| 260 |
_aBangalore _bPoorna Prajna Samshodhan Trust _c2014 |
||
| 300 | _a234p | ||
| 942 | _2ddc | ||
| 999 |
_c1503 _d1503 |
||